Movies Quiz

Random Movies or Actor Quiz

10-to-1: Romantic Comedies by Actor Quiz Stats

 Plays Quiz Updated Jun 26, 2017

Support Sporcle.
Go Orange.
Score 0/55 Timer 07:00
0 Plays Today
% Correct
50 First Dates
96.3%
Big Daddy
93%
The Wedding Singer
91.9%
Sleepless in Seattle
87%
You've Got Mail
86.8%
Anger Management
86.7%
I Now Pronounce You Chuck & Larry
84.8%
Mr. Deeds
83.9%
Notting Hill
83.3%
Pretty Woman
83.1%
Jerry Maguire
82.1%
The Terminal
79.8%
Four Weddings and a Funeral
78.5%
Spanglish
78.4%
Risky Business
76.5%
Gigli
74.3%
This Is 40
71.9%
Jersey Girl
71%
Runaway Bride
70.7%
Clueless
70.3%
Splash
69.9%
Cocktail
69.7%
Punch-Drunk Love
69.1%
Joe Versus the Volcano
68.9%
No Strings Attached
64.4%
What Happens in Vegas
64.3%
Say Anything...
64.2%
Mickey Blue Eyes
63.9%
% Correct
Larry Crowne
63%
Blended
62.4%
Two Weeks Notice
60.8%
Music and Lyrics
60.7%
Nine Months
60.4%
Serendipity
58.6%
Wet Hot American Summer
55.6%
Just Go With It
55%
13 Going on 30
54.7%
America's Sweethearts
50.6%
He's Just Not That Into You
48.3%
Admission
47.1%
Must Love Dogs
43.9%
Did You Hear About the Morgans?
43.5%
Guess Who
41.8%
The Object of My Affection
40.8%
Surviving Christmas
40.2%
Punchline
38.9%
Killers
36.1%
Extract
33%
Nothing in Common
30.8%
I Could Never Be Your Woman
29.6%
A Lot Like Love
29.6%
Overnight Delivery
28.3%
Over Her Dead Body
28.2%
The Third Wheel
26.1%
The Oh in Ohio
25.7%

From the Vault

Click the Poker Hands Words (Minefield)

by GeoEarthling

Gaming 60s
It might help to put on your best poker face while playing this quiz.
Remove Ads.
Support Sporcle.
Get the best of Sporcle when you Go Orange. This ad-free experience offers more features, more stats, and more fun while also helping to support Sporcle. Thank you for becoming a member.

Show Comments

Extras

Top Quizzes Today


Score Distribution

Your Account Isn't Verified!

In order to create a playlist on Sporcle, you need to verify the email address you used during registration. Go to your Sporcle Settings to finish the process.

Report this User

Report this user for behavior that violates our Community Guidelines.

Details: